000 01014nam a2200289Ia 4500
003 OSt
005 20221005030249.0
006 a|||||r|||| 00| 0
007 ta
008 221004b |||||||| |||| 00| 0 eng d
020 _a0521646375
_c1327.83
024 _a83386
037 _b1718, 30/03/2005, Bharat Scientific Syndicate
_cTextual
040 _aCRL
_cCRL
_beng
041 _2eng
_aeng
082 _aV1.N68, N8
100 _aFink Carole Ed.
_918549
245 0 _a1968
_b The world transformed edited by Carole Fink, Philipp Gassert and Detlef Junker
260 _aCambridge
_bCambridge University Press U. K.
_c1999
300 _a490p.
_ccm.
490 _aGerman Historical Institute, Washington, D.C.
650 _aWORLD HISTORY
700 _a Gassert Philipp Ed.
_918550
700 _a Junker Detlef Ed.
_918551
942 _hV1.N68, N8
_cTEXL
_2cc
999 _c935934
_d935934